| 000 | 01324nam a2200337 i 4500 | ||
|---|---|---|---|
| 999 |
_c200452578 _d70790 |
||
| 001 | 200452578 | ||
| 003 | TR-AnTOB | ||
| 005 | 20230506001200.0 | ||
| 007 | ta | ||
| 008 | 030715s2001 tu d 000 0 tur d | ||
| 035 | _a(TR-AnTOB)200452578 | ||
| 040 |
_aTR-AnTOB _beng _erda _cTR-AnTOB |
||
| 041 | 0 | _atur | |
| 050 | 4 |
_aHC493.O73 _bO738 2001 |
|
| 090 |
_aHC493.O73 _bO738 2001 |
||
| 245 | 0 | 0 |
_aOrdu ili Fatsa, Aybastı, Çamaş, Çatalpınar, Kabataş, Korgan ve Kumru ilçeleri yöresel gelişim etüdü ve yatırım alanları tespit araştırması / _chazırlayanlar Ahmet Ateş, Rahmi Ayyıldız. |
| 264 | 1 |
_aAnkara : _bT.C. Sanayi ve Ticaret Bakanlığı Sanayi Araştırma ve Geliştirme Genel Müdürlüğü, _c2001. |
|
| 300 |
_a60 pages : _btables ; _c27 cm |
||
| 336 |
_atext _btxt _2rdacontent |
||
| 337 |
_aunmediated _bn _2rdamedia |
||
| 338 |
_avolume _bnc _2rdacarrier |
||
| 504 | _aBIB | ||
| 650 | 0 |
_aYatırımlar _zTürkiye _992197 |
|
| 651 | 7 |
_aOrdu (Türkiye) _xEkonomik durum _2etuturkob _966703 |
|
| 700 | 1 |
_aAteş, Ahmet _eeditor _949176 |
|
| 700 | 1 |
_aAyyıldız, Rahmi _eeditor _9129074 |
|
| 710 | 2 |
_aTürkiye. _bSanayi ve Ticaret Bakanlığı. _bSanayi Araştırma ve Geliştirme Genel Müdürlüğü _9135443 |
|
| 942 |
_2lcc _cBK |
||